| Tag |
First Indicator |
Second Indicator |
Subfields |
| LEADER |
00000cas a2200000 a 4500 |
| 001 |
in00000017141 |
| 005 |
20151007053406.0 |
| 008 |
860602d19851987enkar i 0 0eng c |
| 010 |
|
|
|a 91641287
|z sn 87012755
|
| 016 |
7 |
|
|a 8910297
|2 DNLM
|
| 016 |
7 |
|
|a SR0065160
|2 DNLM
|
| 019 |
|
|
|a 70737189
|
| 022 |
|
|
|a 0144-7556
|l 0144-7556
|y 0305-5183
|
| 029 |
1 |
|
|a NLM
|b 8910297
|
| 029 |
1 |
|
|a NZ1
|b 3302051
|
| 029 |
1 |
|
|a AU@
|b 000005847706
|
| 029 |
1 |
|
|a NZ1
|b 12209283
|
| 035 |
|
|
|a (OCoLC)ocm13673344
|
| 040 |
|
|
|a GAT
|b eng
|c GAT
|d NST
|d IUL
|d NST
|d NLM
|d HUL
|d NST
|d HUL
|d MYG
|d DLC
|d NST
|d DLC
|d NST
|d OCLCQ
|d INU
|d OCLCQ
|d UtOrBLW
|
| 042 |
|
|
|a pcc
|
| 043 |
|
|
|a e-uk-en
|
| 049 |
|
|
|a TXAM
|
| 050 |
0 |
0 |
|a Z7403
|b .B8b
|a AS2.5
|
| 060 |
0 |
0 |
|a Z 5051
|b B862i
|
| 082 |
0 |
0 |
|a 060/.5
|2 20
|
| 090 |
|
|
|a Z7403
|b .B768
|
| 110 |
2 |
|
|a British Library.
|b Document Supply Centre.
|
| 245 |
1 |
0 |
|a Index of conference proceedings received.
|p Annual cumulation.
|
| 264 |
|
1 |
|a Boston Spa, Wetherby, West Yorkshire, U.K. :
|b British Library Document Supply Centre,
|c ©1986-©1988.
|
| 300 |
|
|
|a 3 volumes ;
|c 30 cm.
|
| 310 |
|
|
|a Annual
|
| 336 |
|
|
|a text
|b txt
|2 rdacontent
|
| 337 |
|
|
|a unmediated
|b n
|2 rdamedia
|
| 338 |
|
|
|a volume
|b nc
|2 rdacarrier
|
| 362 |
0 |
|
|a 1985-1987.
|
| 500 |
|
|
|a Title from cover.
|
| 530 |
|
|
|a Also issued online.
|
| 580 |
|
|
|a Cumulation of the monthly publication.
|
| 650 |
|
0 |
|a Congresses and conventions
|v Indexes
|v Periodicals.
|
| 650 |
|
2 |
|a Catalogs, Library
|z England
|v Indexes.
|
| 776 |
0 |
8 |
|i Online version:
|a British Library. Document Supply Centre.
|t Index of conference proceedings received. Annual cumulation
|w (OCoLC)574199094
|
| 780 |
0 |
0 |
|a British Library. Lending Division.
|t Index of conference proceedings received
|x 0305-5183
|w (DLC) 77641634
|w (OCoLC)3703373
|
| 785 |
0 |
0 |
|a British Library. Document Supply Centre.
|t Index of conference proceedings. Annual cumulation
|x 0959-4906
|w (DLC) 91641288
|w (OCoLC)19499867
|
| 787 |
1 |
|
|a British Library. Document Supply Centre.
|t Index of conference proceedings received
|w (DLC)sn 90031108
|w (OCoLC)15276674
|
| 850 |
|
|
|a AzTeS
|a CU
|a CU-I
|a CU-Riv
|a CU-RivA
|a CU-S
|a CU-SB
|a CoU
|a CtY
|a CtY-KS
|a DLC
|a DNLM
|a GASU
|a ICU
|a IEN
|a IaU
|a InU
|a KMK
|a MCM
|a MdU
|a MiEM
|a MiU
|a NRU
|a NcU
|a NjR
|a OrU
|a TxCM
|a TxDaM
|a WaU
|
| 994 |
|
|
|a C0
|b TXA
|
| 949 |
|
|
|a updated
|b h
|c 2013/11/5
|e coplinger
|f 2:52:58 pm
|
| 999 |
|
|
|a MARS
|
| 999 |
f |
f |
|s 280bc31d-9f2e-322d-8e67-f1c0d4a6a16c
|i 084860e9-ee52-3f77-8b6d-e41656b4b674
|t 0
|
| 952 |
f |
f |
|p ric
|a Texas A&M University
|b Rellis Campus
|c Joint Library Facility
|d Remote Storage
|t 0
|e Z7403 .B768
|h Library of Congress classification
|i unmediated -- volume
|k 1985
|m A14809269226
|
| 952 |
f |
f |
|p ric
|a Texas A&M University
|b Rellis Campus
|c Joint Library Facility
|d Remote Storage
|t 0
|e Z7403 .B768
|h Library of Congress classification
|i unmediated -- volume
|k 1987
|m A14811320143
|
| 952 |
f |
f |
|p ric
|a Texas A&M University
|b Rellis Campus
|c Joint Library Facility
|d Remote Storage
|t 0
|e Z7403 .B768
|h Library of Congress classification
|i unmediated -- volume
|k 1986
|m A14810003293
|
| 998 |
f |
f |
|a Z7403 .B768
|s 1985-1987
|t 0
|l Remote Storage
|